Suspensión de los vínculos presenciales durante el confinamiento francés de la primavera de 2020 y actos suicidas adolescentes: Estudio cualitativo (notice n° 1907535)
[ vue normale ]
| 000 -LEADER | |
|---|---|
| fixed length control field | 02430cam a2200205 4500500 |
| 005 - DATE AND TIME OF LATEST TRANSACTION | |
| control field | 20260329020735.0 |
| 041 ## - LANGUAGE CODE | |
| Language code of text/sound track or separate title | fre |
| 042 ## - AUTHENTICATION CODE | |
| Authentication code | dc |
| 100 10 - MAIN ENTRY--PERSONAL NAME | |
| Personal name | Lenglart, Clara |
| Relator term | author |
| 245 00 - TITLE STATEMENT | |
| Title | Suspensión de los vínculos presenciales durante el confinamiento francés de la primavera de 2020 y actos suicidas adolescentes: Estudio cualitativo |
| 260 ## - PUBLICATION, DISTRIBUTION, ETC. | |
| Date of publication, distribution, etc. | 2025.<br/> |
| 500 ## - GENERAL NOTE | |
| General note | 17 |
| 520 ## - SUMMARY, ETC. | |
| Summary, etc. | La adolescencia implica una distanciación progresiva de las figuras de apego con el fin de sostener el proceso de separación-autonomización, lo que la convierte en un período de vulnerabilidad psíquica frente a los actos suicidas. Los vínculos de calidad con los pares resultan protectores. Sin embargo, el confinamiento estricto implementado entre marzo y mayo de 2020 por razones sanitarias obligó a una suspensión total de los vínculos presenciales entre pares, al tiempo que impuso una permanencia forzada en el seno familiar. Este estudio explora la experiencia de dicha suspensión de los vínculos presenciales con los pares durante el confinamiento, en adolescentes que realizaron un intento de suicidio posteriormente. Se llevaron a cabo entrevistas exploratorias semidirigidas presenciales, siguiendo la metodología cualitativa del análisis fenomenológico interpretativo (IPA, por sus siglas en inglés), con tres adolescentes de quince y dieciséis años. Se percibió una vivencia ambivalente del primer confinamiento. El sufrimiento psíquico preexistente al confinamiento parecía haberse exacerbado. Finalmente, las redes sociales digitales aparecían como una compensación ineficaz de los vínculos entre pares. En el contexto actual de aumento documentado de los intentos de suicidio entre adolescentes, cuyas causas aún no han sido plenamente identificadas, una exploración cualitativa parece pertinente. No obstante, las especificidades del reclutamiento y de la recogida de datos en este campo sugieren una ampliación temporal de los criterios de inclusión y el enfoque en momentos oportunos para la recolección de datos. |
| 700 10 - ADDED ENTRY--PERSONAL NAME | |
| Personal name | Fournier, Julie |
| Relator term | author |
| 700 10 - ADDED ENTRY--PERSONAL NAME | |
| Personal name | Chaste, Pauline |
| Relator term | author |
| 700 10 - ADDED ENTRY--PERSONAL NAME | |
| Personal name | Jollant, Fabrice |
| Relator term | author |
| 700 10 - ADDED ENTRY--PERSONAL NAME | |
| Personal name | Piot, Marie-Aude |
| Relator term | author |
| 786 0# - DATA SOURCE ENTRY | |
| Note | La psychiatrie de l'enfant | 68 | 2 | 2025-10-03 | p. 239-258 | 0079-726X |
| 856 41 - ELECTRONIC LOCATION AND ACCESS | |
| Uniform Resource Identifier | <a href="https://shs.cairn.info/revista-la-psychiatrie-de-lenfant-2025-2-page-239?lang=es&redirect-ssocas=7080">https://shs.cairn.info/revista-la-psychiatrie-de-lenfant-2025-2-page-239?lang=es&redirect-ssocas=7080</a> |
Pas d'exemplaire disponible.




Réseaux sociaux